| 000 | 00000nas 2200000za 4500 |
| 001 | 9.865525 |
| 003 | CaOODSP |
| 005 | 20221107161821 |
| 007 | cr ||||||||||| |
| 008 | 181203d19691986oncmr p|o||||f0 |0eng| |
| 040 | |aCaOODSP|beng |
| 041 | |aeng|afre |
| 043 | |an-cn--- |
| 086 | 1 |aH12-23-3-PDF |
| 245 | 00|aCanada Pension Plan statistical bulletin |h[electronic resource] = |bBulletin statistique du Régime de pensions du Canada. |
| 246 | 11|aBulletin statistique du Régime de pensions du Canada |
| 260 | |aOttawa : |bHealth and Welfare Canada = Santé et bien-être social Canada, |c1969-1986. |
| 310 | |aMonthly |
| 362 | 1 |aVol. 1, no 1 (Apr. 1969) - v. 18 (Dec. 1986). |
| 546 | |aText in English and French. English title only, June 1971-Dec. 1972; text in English and French, Mar. 1973-Dec. 1986. |
| 710 | 1 |aCanada. |bHealth and Welfare Canada. |
| 785 | 00|tMonthly statistics, income security programs |w(CaOODSP)9.865125 |
| 792 | |tCanada Pension Plan statistical bulletin |efre|w(CaOODSP)9.865559 |